000 00532nam a2200181Ia 4500
005 20250508160724.0
008 008 250505s9999 xx 000 0 eng d
037 _aTextual
040 _aFEDL
_beng
_cFEDL
041 _aeng
_2eng
084 _a954.03, MIS
_qFEDL
100 _aMisra B B
245 0 _aCentral administration of the East India company 1773-1834
260 _aManchester, USA
_bManchester University Press
_c1959
300 _axii,476p
942 _cTEXL
_h954.03, MIS
999 _c1366230
_d1366230